00481nam a2200157Ia 4500008004100000020001800041041000800059082001600067100001300083245013200096250001200228260002500240300002800265365001700293700001300310230718s9999 xx 000 0 und d a9789352139057 aeng a006.31bGER aGeron A. aHands-On Machine Learning With Scikit-Learn, Keras And TensorFlowbConcepts, Tools, And Techniques To Build Intelligent Systems a2nd ed. c2019bSPD / O'reilly a819dRef 1607 C (61931) cRs.b2275.00 aGeron A.